000 00543nam a2200205Ia 4500
003 GCL
008 140319s9999 xx 000 0 eng d
040 _aGCL /
_cGCL
082 0 4 _a305.56
_bW I
100 1 _aWEIWEN, ZHANG
245 1 0 _aIN SEARCH OF CHINA'S MINORITIES /
_cWEIWEN, ZHANG
700 1 _aQINGNAN, ZENG
260 _a[S.N] :
_bNEW WORLD PRESS ،
_c1993
300 _a354\P
650 0 4 _aMINORITY AUTHORS
650 0 4 _aMINORITIES
650 0 4 _aSOCIAL SCIENCE
650 0 4 _aMINORITIES - POLITICAL ACTIVITY
942 _2ddc
_cBK
999 _c14462
_d14462